000 00222nam a2200097Ia 4500
008 240331s9999 xx 000 0 und d
082 _a149
_bDEC
100 _aCritchley, D
245 0 _aDeconstruction and pragmatism
942 _cL
999 _c721
_d721